King of the castle : (Record no. 125145)

MARC details
000 -LEADER
fixed length control field 00658nam a22002177a 4500
005 - DATE AND TIME OF LATEST TRANSACTION
control field 20170124105949.0
010 ## - LIBRARY OF CONGRESS CONTROL NUMBER
LC control number 875129
020 ## - INTERNATIONAL STANDARD BOOK NUMBER
Terms of availability 00.00
International Standard Book Number 0370300629
035 ## - SYSTEM CONTROL NUMBER
System control number 875129
037 ## - SOURCE OF ACQUISITION
Source of stock number/acquisition Cen Lib/Ret
040 ## - CATALOGING SOURCE
Original cataloging agency DPL
Language of cataloging EN
082 ## - DEWEY DECIMAL CLASSIFICATION NUMBER
Classification number 270
Item number EAT
100 ## - MAIN ENTRY--PERSONAL NAME
Personal name Eaton, Gai
9 (RLIN) 13157
245 ## - TITLE STATEMENT
Title King of the castle :
Statement of responsibility, etc by Gai Eaton
Remainder of title choice and responsibility in the modern world /
260 ## - PUBLICATION, DISTRIBUTION, ETC. (IMPRINT)
Place of publication, distribution, etc London
Name of publisher, distributor, etc The Bodley Head
Date of publication, distribution, etc 1977
270 ## - ADDRESS
Address 9 Bow Street
City London
Postal code WC2E7AL
300 ## - PHYSICAL DESCRIPTION
Extent 219p.
Dimensions 21cm(Hb)
650 ## - SUBJECT ADDED ENTRY--TOPICAL TERM
Topical term or geographic name as entry element Civilization -- Philosophy.
9 (RLIN) 13158
650 ## - SUBJECT ADDED ENTRY--TOPICAL TERM
Topical term or geographic name as entry element Religion -- Philosophy.
9 (RLIN) 88970
942 ## - ADDED ENTRY ELEMENTS (KOHA)
Source of classification or shelving scheme Dewey Decimal Classification
Koha item type English Books
Classification part 270
Call number suffix EAT
Holdings
Withdrawn status Lost status Damaged status Not for loan Home library Current library Date acquired Source of acquisition Cost, normal purchase price Total Checkouts Full call number Barcode Date last seen Date checked out Copy number Cost, replacement price Price effective from Koha item type
        Central Library Central Library 19/06/2015 Cen Lib/Ret 0.00 3 270 EAT 875129 12/07/2018 14/06/2018 1 0.00 19/06/2015 English Books

© Delhi Public Library
Hit Counter
free hit counter